Ẓafar nāmah. (Record no. 79603)

MARC details
000 -LEADER
fixed length control field 00642cam a22002531 4500
001 - CONTROL NUMBER
control field sa 68003594
003 - CONTROL NUMBER IDENTIFIER
control field DLC
005 - DATE AND TIME OF LATEST TRANSACTION
control field 20260227112454.0
008 - FIXED-LENGTH DATA ELEMENTS--GENERAL INFORMATION
fixed length control field 940720s1966 ii 000 0 urdo
010 ## - LIBRARY OF CONGRESS CONTROL NUMBER
LC control number sa 68003594
025 ## - OVERSEAS ACQUISITION NUMBER
Overseas acquisition number PL480:I-U-1150
035 ## - SYSTEM CONTROL NUMBER
System control number (OCoLC)30802816
040 ## - CATALOGING SOURCE
Original cataloging agency DLC
Transcribing agency CU
Modifying agency CU
-- DLC
041 0# - LANGUAGE CODE
Language code of text/sound track or separate title urdper
042 ## - AUTHENTICATION CODE
Authentication code premarc
050 00 - LIBRARY OF CONGRESS CALL NUMBER
Classification number PK6463.G6
Item number Z2 1966
100 0# - MAIN ENTRY--PERSONAL NAME
Personal name Gobind Singh,
Titles and words associated with a name Guru,
Dates associated with a name 1666-1708.
245 10 - TITLE STATEMENT
Title Ẓafar nāmah.
260 ## - PUBLICATION, DISTRIBUTION, ETC.
Date of publication, distribution, etc. 1966.
300 ## - PHYSICAL DESCRIPTION
Extent 144 p.
Dimensions 18 cm.
500 ## - GENERAL NOTE
General note Persian or Urdu.
730 0# - ADDED ENTRY--UNIFORM TITLE
Uniform title Daswen̲ Pādshāh kā Granth.
700 1# - ADDED ENTRY--PERSONAL NAME
Personal name Sarwari, Pindi Das,
Dates associated with a name 1908-

No items available.

Powered by Koha